[Event "N�-LL 2005/06"]
[Site "?"]
[Date "2006.04.02"]
[Round "12"]
[White "Brandst�tter, Friedrich"]
[Black "Hirsch, Andreas"]
[Result "1/2-1/2"]
[WhiteElo "2108"]
[BlackElo "2003"]
[Annotator "Korneuburg : B�hlerwerk"]
[PlyCount "62"]
[EventDate "2005.09.27"]
[SourceDate "2006.04.07"]

1. e4 d6 2. d4 Nf6 3. Nc3 g6 4. f4 Bg7 5. Nf3 c5 6. d5 O-O 7. Bd3 a6 8. a4 Bg4
9. O-O e6 10. dxe6 fxe6 11. Be3 Nc6 12. Qe1 Bxf3 13. Rxf3 Ng4 14. Bd2 Qb6 15.
Kh1 Rae8 16. Rb1 c4 17. Bxc4 Nd4 18. Rf1 Nxc2 19. Qe2 Nce3 20. Bxe3 Nxe3 21.
Rf3 Nxc4 22. Qxc4 Qc6 23. Qe2 Rf7 24. Rd1 Ref8 25. g3 Bxc3 26. Rxc3 Qxa4 27.
Rxd6 e5 28. fxe5 Qa1+ 29. Rd1 Qa2 30. Rd2 Qe6 31. Qc4 Qxe5 1/2-1/2

[Event "N�-LL 2005/06"]
[Site "?"]
[Date "2006.04.02"]
[Round "12"]
[White "W�ber, Friedrich"]
[Black "Schroll, Gerhard"]
[Result "0-1"]
[WhiteElo "2155"]
[BlackElo "2341"]
[Annotator "Wr.Neustadt : Krems"]
[PlyCount "100"]
[EventDate "2006.04.02"]
[SourceDate "2006.04.02"]
[WhiteTeam " "]
[BlackTeam " "]

1. e4 Nf6 2. e5 Nd5 3. Nc3 e6 4. Nf3 d6 5. d4 dxe5 6. Nxe5 Nxc3 7. bxc3 Nd7 8.
Bf4 Bd6 9. Qh5 Qe7 10. Bd3 Bxe5 11. Bxe5 Nxe5 12. Qxe5 O-O 13. O-O Qd6 14. Qh5
g6 15. Qh6 e5 16. f4 exd4 17. f5 Bxf5 18. Bxf5 gxf5 19. Qxd6 cxd6 20. cxd4 Rac8
21. Rf2 Rc4 22. Rd1 Rfc8 23. Rdd2 Ra4 24. c3 Rxc3 25. Rxf5 Rc1+ 26. Rf1 Rxf1+
27. Kxf1 Kg7 28. Ke2 Kf6 29. Kd3 Ke6 30. Ke4 b5 31. g4 a5 32. g5 Rc4 33. Rf2
d5+ 34. Kd3 b4 35. Rf6+ Ke7 36. Rh6 Rc3+ 37. Kd2 Ra3 38. Rxh7 Rxa2+ 39. Kc1 Kf8
40. Rh8+ Kg7 41. Rd8 Rxh2 42. Rxd5 a4 43. Rb5 a3 44. Kb1 Rb2+ 45. Ka1 Kg6 46.
d5 Rd2 47. Rxb4 Rxd5 48. Rb3 Kxg5 49. Rxa3 Rb5 50. Rg3+ Kh4 0-1

[Event "N�-LL 2005/06"]
[Site "?"]
[Date "2006.04.02"]
[Round "12"]
[White "Volkmann, Friedrich Karl"]
[Black "Winiwarter, Felix"]
[Result "1-0"]
[WhiteElo "2416"]
[BlackElo "2119"]
[Annotator "Wr.Neustadt : Krems"]
[PlyCount "81"]
[EventDate "2006.04.02"]
[SourceDate "2006.04.02"]

1. e4 c5 2. Nf3 Nc6 3. d4 cxd4 4. Nxd4 Nf6 5. Nc3 e5 6. Ndb5 d6 7. Bg5 a6 8.
Na3 b5 9. Bxf6 gxf6 10. Nd5 Bg7 11. c3 Ne7 12. Nc2 O-O 13. Nxe7+ Qxe7 14. Ne3
Be6 15. Bd3 Kh8 16. Qh5 Rg8 17. O-O Bf8 18. f4 exf4 19. Rxf4 Rg6 20. Kh1 Bg7
21. Nf5 Bxf5 22. exf5 Rh6 23. Qf3 d5 24. Qxd5 Rd8 25. Qf3 Bf8 26. h3 Qc5 27.
Re1 Bd6 28. Rd4 Rg8 29. Rg4 Rd8 30. Bc2 Bc7 31. h4 Be5 32. Rd1 Re8 33. g3 Bc7
34. Kg2 Bb6 35. Kh3 Qc7 36. Re4 Rg8 37. Qf4 Qxf4 38. Rxf4 Re8 39. Re4 Rxe4 40.
Bxe4 Kg7 41. Bf3 1-0

 Rxf4 Re8 39. Re4 Rxe4 40.
Bxe4 Kg7 41. Bf3 1-0

[Event "N�-LL 2005/06"]
[Site "?"]
[Date "2006.04.02"]
[Round "12"]
[White "Mayer, Martin"]
[Black "Todor, Razvan"]
[Result "1/2-1/2"]
[WhiteElo "2068"]
[BlackElo "2153"]
[Annotator "Wr.Neustadt : Krems"]
[PlyCount "28"]
[EventDate "2006.04.02"]
[SourceDate "2006.04.02"]

1. e4 d5 2. exd5 Qxd5 3. Nc3 Qd6 4. Nf3 Nf6 5. Be2 Bf5 6. O-O a6 7. d4 Nc6 8.
a3 O-O-O 9. d5 Nxd5 10. Qxd5 Qxd5 11. Nxd5 Rxd5 12. Bc4 Rd7 13. Bxf7 e6 14. Be8
Rd5 1/2-1/2


Rd5 1/2-1/2

[Event "N�-LL 2005/06"]
[Site "?"]
[Date "2006.04.02"]
[Round "12"]
[White "Penz, Harald"]
[Black "Neubauer, Martin"]
[Result "1/2-1/2"]
[WhiteElo "2283"]
[BlackElo "2444"]
[Annotator "Ybbs : Mauerbach"]
[PlyCount "60"]
[EventDate "2005.09.27"]
[SourceDate "2006.04.09"]

1. e4 e5 2. Nf3 Nc6 3. Bc4 Bc5 4. c3 Nf6 5. d3 a6 6. O-O d6 7. d4 Ba7 8. dxe5
dxe5 9. Qxd8+ Nxd8 10. Nxe5 Nxe4 11. Nd2 Nd6 12. Bb3 Be6 13. Re1 O-O 14. Ndc4
Nxc4 15. Bxc4 Re8 16. Be3 Bxe3 17. Rxe3 Bxc4 18. Nxc4 Rxe3 19. Nxe3 Ne6 20. Rd1
Kf8 21. Kf1 Ke8 22. Ke2 h5 23. g3 Rd8 24. Rxd8+ Kxd8 25. b4 c5 26. Kd3 cxb4 27.
cxb4 Kd7 28. a4 Kc6 29. f4 b5 30. a5 Kd6 1/2-1/2

[Event "N�-LL 2005/06"]
[Site "?"]
[Date "2006.04.02"]
[Round "12"]
[White "Kranzl, Peter"]
[Black "Weissenbeck, Manuel"]
[Result "1/2-1/2"]
[WhiteElo "2218"]
[BlackElo "2248"]
[Annotator "Ybbs : Mauerbach"]
[PlyCount "47"]
[EventDate "2005.09.27"]
[SourceDate "2006.04.09"]

1. e4 c5 2. c3 Nf6 3. e5 Nd5 4. d4 cxd4 5. Qxd4 e6 6. Nf3 Nc6 7. Qe4 f5 8. Qe2
b6 9. g3 a5 10. Bg2 Ba6 11. c4 Bb4+ 12. Bd2 O-O 13. O-O Bc5 14. Nc3 Nxc3 15.
Bxc3 Rc8 16. Rfd1 Rc7 17. b3 Bb7 18. Rd3 Nb4 19. Rd2 f4 20. g4 Qe7 21. Rad1 h6
22. Bd4 Rf7 23. h3 g5 24. Bxc5 1/2-1/2

[Event "N�-LL 2005/06"]
[Site "?"]
[Date "2006.04.02"]
[Round "12"]
[White "Schorn, Christoph"]
[Black "Koller, Hubert"]
[Result "1/2-1/2"]
[WhiteElo "2162"]
[BlackElo "2078"]
[Annotator "Ybbs : Mauerbach"]
[PlyCount "112"]
[EventDate "2005.09.27"]
[SourceDate "2006.04.09"]

1. e4 g6 2. d4 Bg7 3. Nc3 c6 4. f4 d5 5. e5 h5 6. Nf3 Nh6 7. Be3 Qb6 8. Na4
Qa5+ 9. c3 Bg4 10. Be2 Bxf3 11. Bxf3 Nf5 12. Bf2 Nd7 13. O-O e6 14. b4 Qc7 15.
Nb2 O-O 16. Qb3 b5 17. a4 a6 18. Ra3 Nb6 19. axb5 axb5 20. Rfa1 Rxa3 21. Rxa3
Ra8 22. Rxa8+ Nxa8 23. Qa2 Qb7 24. Nd3 Bf8 25. Nc5 Bxc5 26. dxc5 Nc7 27. h3 Qa6
28. Qxa6 Nxa6 29. g4 hxg4 30. hxg4 Ne7 31. Bh4 Kf8 32. Kf2 Ke8 33. Ke3 Kd7 34.
Be2 Ke8 35. Bd3 Kd7 36. Bb1 Ke8 37. Bf6 Ng8 38. Bg5 Ne7 39. Bh6 Kd7 40. Bg7 Ke8
41. Bf6 Kd7 42. Bxe7 Kxe7 43. f5 gxf5 44. gxf5 f6 45. Kd4 Nc7 46. Bc2 exf5 47.
Bxf5 Ne6+ 48. Bxe6 Kxe6 49. exf6 Kxf6 50. Kd3 Kf5 51. Kd4 Kf4 52. Kd3 Kf3 53.
Kd4 Kf4 54. Kd3 Kf3 55. Kd4 Kf4 56. Kd3 Kf3 1/2-1/2

[Event "N�-LL 2005/06"]
[Site "?"]
[Date "2006.04.02"]
[Round "12"]
[White "Steiner, Heinz"]
[Black "Thoma, Wilhelm"]
[Result "0-1"]
[WhiteElo "2114"]
[BlackElo "2095"]
[Annotator "Ybbs : Mauerbach"]
[PlyCount "66"]
[EventDate "2005.09.27"]
[SourceDate "2006.04.09"]

1. d4 f5 2. h3 d5 3. Nf3 Nf6 4. e3 e6 5. Nbd2 Bd6 6. Bd3 Nbd7 7. c4 c6 8. b3
Ne4 9. Bb2 Ndf6 10. O-O O-O 11. Ne5 Bd7 12. f3 Ng3 13. Rf2 Be8 14. Kh2 Nfh5 15.
Qc2 Qh4 16. f4 Ne4 17. Rf3 Rc8 18. Nf1 Nhf6 19. g3 Qh6 20. Bxe4 Nxe4 21. Nd2
Bh5 22. Nxe4 Bxe5 23. dxe5 Bxf3 24. Nd6 Rc7 25. Bd4 b6 26. a4 g5 27. a5 c5 28.
axb6 axb6 29. Bc3 Rg7 30. Qf2 Be4 31. Ra6 Rb8 32. Qa2 Rg6 33. Ra8 Qxh3+ 0-1

[Event "N�-LL 2005/06"]
[Site "?"]
[Date "2006.04.02"]
[Round "12"]
[White "Herndlbauer, Martin"]
[Black "Brehovsky, Paul"]
[Result "1/2-1/2"]
[WhiteElo "2044"]
[BlackElo "2025"]
[Annotator "Baden : Bad V�slau/Kottingbrunn"]
[PlyCount "33"]
[EventDate "2006.??.??"]

1. e4 e6 2. d4 d5 3. e5 c5 4. c3 Nc6 5. Nf3 Qb6 6. Bd3 cxd4 7. cxd4 Bd7 8. O-O
Nxd4 9. Nxd4 Qxd4 10. Qe2 a6 11. Nc3 Ne7 12. Rd1 Nc6 13. Bxa6 Qxe5 14. Bxb7
Qxe2 15. Nxe2 Ra7 16. Bxc6 Bxc6 17. Nd4 1/2-1/2

[Event "N�-LL 2005/06"]
[Site "?"]
[Date "2006.04.02"]
[Round "12"]
[White "Moza, Manfred"]
[Black "Zojer, Thomas"]
[Result "1/2-1/2"]
[WhiteElo "2095"]
[BlackElo "2044"]
[Annotator "Baden : Bad V�slau/Kottingbrunn"]
[PlyCount "24"]
[EventDate "2006.??.??"]

1. c4 c6 2. e4 d5 3. exd5 cxd5 4. cxd5 Nf6 5. Nc3 Nxd5 6. Nf3 Nc6 7. Bc4 e6 8.
O-O Be7 9. Re1 O-O 10. d4 a6 11. a3 b5 12. Bd3 Bb7 1/2-1/2

[Event "N�-LL 2005/06"]
[Site "?"]
[Date "2006.04.23"]
[Round "13"]
[White "Wukits, Rene"]
[Black "Plachetka, Jan"]
[Result "1-0"]
[WhiteElo "2329"]
[BlackElo "2422"]
[Annotator "Bad V�slau/Kottingbr.:Ternitz/Glogg."]
[PlyCount "49"]
[EventDate "2005.09.27"]
[SourceDate "2006.04.26"]

1. d4 Nf6 2. c4 g6 3. Nc3 d5 4. cxd5 Nxd5 5. e4 Nxc3 6. bxc3 Bg7 7. Nf3 c5 8.
Rb1 Nc6 9. Be3 Qa5 10. Qd2 b6 11. Bb5 Bd7 12. O-O cxd4 13. Bxd4 Nxd4 14. Bxd7+
Kxd7 15. Nxd4 Kc8 16. Nb5 a6 17. Qd5 Kb8 18. Qxf7 Bf6 19. e5 Bxe5 20. Qxe7
Bxh2+ 21. Kxh2 axb5 22. Qe5+ Kb7 23. Rxb5 Qxa2 24. Rfb1 Qxf2 25. Qe7+ 1-0

[Event "N�-LL 2005/06"]
[Site "?"]
[Date "2006.04.23"]
[Round "13"]
[White "Zojer, Thomas"]
[Black "Degen, Gerhard"]
[Result "1/2-1/2"]
[WhiteElo "2044"]
[BlackElo "2117"]
[Annotator "Bad V�slau/Kottingbr.: Ternitz/Glogg."]
[PlyCount "94"]
[EventDate "2005.09.27"]
[SourceDate "2006.04.26"]

1. d4 d5 2. c4 e6 3. Nc3 Be7 4. Nf3 Nf6 5. e3 O-O 6. Qc2 c6 7. Bd2 Nbd7 8. Bd3
Bd6 9. O-O e5 10. cxd5 cxd5 11. Nb5 Bb8 12. dxe5 Nxe5 13. Nxe5 Bxe5 14. Nd4
Bxd4 15. exd4 Qb6 16. Qc3 Bd7 17. Qb4 Qxb4 18. Bxb4 Rfe8 19. Rac1 Ne4 20. Rc7
Bc6 21. h4 Re6 22. f3 Nf6 23. Re1 Rae8 24. Kf2 Rxe1 25. Bxe1 Nd7 26. Ba6 Rb8
27. Bxb7 Rxb7 28. Rxc6 Rxb2+ 29. Kg3 h6 30. a3 Nf6 31. Kh2 Nh5 32. Bg3 Rd2 33.
Ra6 Nxg3 34. Kxg3 Rxd4 35. Rxa7 f5 36. a4 f4+ 37. Kf2 Rd2+ 38. Kf1 Ra2 39. Rd7
Rxa4 40. Rxd5 Ra1+ 41. Ke2 Ra4 42. Rd2 Kf7 43. Kf2 Ra1 44. g3 fxg3+ 45. Kxg3
Kf6 46. Rd5 Rb1 47. Rc5 Ra1 1/2-1/2

[Event "N�-LL 2005/06"]
[Site "?"]
[Date "2006.04.23"]
[Round "13"]
[White "Braun, Karl Heinz"]
[Black "Brehovsky, Paul"]
[Result "1-0"]
[WhiteElo "2103"]
[BlackElo "2025"]
[Annotator "Bad V�slau/Kottingbr.: Ternitz/Glogg"]
[PlyCount "46"]
[EventDate "2005.09.27"]
[SourceDate "2006.04.26"]

1. e4 e6 2. d4 d5 3. Bd3 dxe4 4. Bxe4 Nf6 5. Bf3 c5 6. Ne2 Nc6 7. Bxc6+ bxc6 8.
O-O Ba6 9. Re1 Bxe2 10. Qxe2 cxd4 11. Nd2 c5 12. Nc4 Be7 13. Bg5 O-O 14. Rad1
Nd5 15. Bc1 Qc7 16. Qe4 Rfd8 17. Rd3 Bf6 18. Rh3 g6 19. g4 Bg7 20. g5 f5 21.
gxf6 Nxf6 22. Qh4 Nh5 23. Qe4 Rab8 {Rest nicht lesbar, 1:0 im 70. Zug} 1-0

[Event "N�-LL 2005/06"]
[Site "?"]
[Date "2006.04.23"]
[Round "13"]
[White "Rumpl, Erwin"]
[Black "Knoll, Hermann"]
[Result "0-1"]
[WhiteElo "2290"]
[BlackElo "2344"]
[Annotator "P�chlarn : Amstetten"]
[PlyCount "68"]
[EventDate "2005.09.27"]
[SourceDate "2006.04.26"]

1. Nf3 d5 2. g3 c6 3. Bg2 Nf6 4. O-O Bf5 5. d3 e6 6. Nbd2 h6 7. b3 Be7 8. Bb2
Nbd7 9. e4 dxe4 10. dxe4 Bh7 11. Qe2 O-O 12. Rfd1 Qc7 13. e5 Nd5 14. Ne4 Rfd8
15. c4 Nb4 16. a3 Bxe4 17. Qxe4 Nc5 18. Qe2 Nxb3 19. axb4 Nxa1 20. Rxa1 Bxb4
21. Qe4 Qd7 22. Bf1 a5 23. g4 a4 24. Rb1 a3 25. Ba1 Bc5 26. Be2 a2 27. Rb3 g6
28. h4 Ra3 29. Rxa3 Bxa3 30. h5 gxh5 31. Nd4 Bf8 32. gxh5 Qe7 33. Nf3 Qb4 34.
Bd3 Qb1+ 0-1

[Event "N�-LL 2005/06"]
[Site "?"]
[Date "2006.04.23"]
[Round "13"]
[White "Wei�, Christian"]
[Black "Wadsack, Wolfgang"]
[Result "1-0"]
[WhiteElo "2397"]
[BlackElo "2219"]
[Annotator "P�chlarn : Amstetten"]
[PlyCount "87"]
[EventDate "2005.09.27"]
[SourceDate "2006.04.26"]

1. c4 c6 2. Nc3 d5 3. e3 Nf6 4. d4 g6 5. Nf3 Bg7 6. Be2 O-O 7. O-O dxc4 8. Bxc4
Nbd7 9. h3 Qc7 10. b3 e5 11. Ba3 exd4 12. Bxf8 Nxf8 13. exd4 Be6 14. Rc1 Qa5
15. Qd2 Rd8 16. Rfd1 Qh5 17. Qg5 Qxg5 18. Nxg5 Nd5 19. Nxe6 Nxe6 20. Bxd5 cxd5
21. Ne2 h5 22. h4 Rd6 23. Rc8+ Kh7 24. g3 Ra6 25. Rd2 Bh6 26. Rdc2 Bg7 27. Kg2
Rb6 28. R8c3 Rb4 29. Rd3 Rb6 30. Rf3 Kg8 31. Rc8+ Bf8 32. Nf4 Nxd4 33. Rd3 Ne6
34. Nxe6 Rxe6 35. Rxd5 Kg7 36. Rc7 b6 37. Rdd7 Rf6 38. Rxa7 Bc5 39. Rd2 Rf5 40.
a3 b5 41. Ra5 Bb6 42. Ra6 Bc5 43. b4 Be7 44. Rd3 1-0

[Event "N�-LL 2005/06"]
[Site "?"]
[Date "2006.04.23"]
[Round "13"]
[White "Gugler, Edgar"]
[Black "Weinzettl, Ernst"]
[Result "0-1"]
[WhiteElo "2166"]
[BlackElo "2325"]
[Annotator "P�chlarn : Amstetten"]
[PlyCount "70"]
[EventDate "2005.09.27"]
[SourceDate "2006.04.26"]

1. d4 Nf6 2. Nf3 e6 3. Bf4 b6 4. e3 Bb7 5. Bd3 c5 6. c3 Be7 7. h3 O-O 8. O-O d6
9. a4 Nc6 10. Bh2 Rc8 11. Qe2 Qc7 12. Nbd2 Rfe8 13. Bb5 Qb8 14. a5 cxd4 15.
exd4 bxa5 16. Nb3 a6 17. Ba4 Bf8 18. Nxa5 Ba8 19. Rfe1 Red8 20. Nc4 Ne7 21. Bc2
Ng6 22. Ng5 Qb5 23. Nxf7 Qb7 24. Nh6+ gxh6 25. Qxe6+ Kh8 26. f3 Bg7 27. Nxd6
Rxd6 28. Bxd6 Nh4 29. Be4 Nxe4 30. Rxe4 Nxf3+ 31. gxf3 Rg8 32. Kh1 Qxb2 33. Rg1
Qxc3 34. Qf5 Bxe4 35. Qxe4 Qxd4 0-1

[Event "N�-LL 2005/06"]
[Site "?"]
[Date "2006.04.23"]
[Round "13"]
[White "Gattermayer, Robert"]
[Black "Wadsack, Winfried"]
[Result "1-0"]
[WhiteElo "2067"]
[BlackElo "2119"]
[Annotator "P�chlarn : Amstetten"]
[PlyCount "53"]
[EventDate "2005.09.27"]
[SourceDate "2006.04.26"]

1. e4 d5 2. exd5 Nf6 3. Bb5+ Bd7 4. Bc4 b5 5. Bb3 Bg4 6. f3 Bc8 7. Ne2 Nbd7 8.
Nbc3 b4 9. Ne4 Nb6 10. c4 e6 11. d4 exd5 12. Nxf6+ Qxf6 13. c5 Nd7 14. Bxd5 c6
15. Be4 Ba6 16. O-O Bxe2 17. Qxe2 Qxd4+ 18. Kh1 Qe5 19. Bf4 Qe6 20. Rfe1 Kd8
21. Rad1 Bxc5 22. Qc2 Re8 23. Qxc5 g5 24. Qa5+ Ke7 25. Bxc6 Qxe1+ 26. Rxe1+ Kf8
27. Qxb4+ 1-0

[Event "N�-LL 2005/06"]
[Site "?"]
[Date "2006.04.23"]
[Round "13"]
[White "Sulyok, Michael"]
[Black "Penz, Harald"]
[Result "1-0"]
[WhiteElo "2164"]
[BlackElo "2283"]
[Annotator "Mauerbach : Baden"]
[PlyCount "53"]
[EventDate "2005.09.27"]
[SourceDate "2006.04.26"]

1. c4 Nf6 2. Nc3 d5 3. cxd5 Nxd5 4. g3 e5 5. Bg2 Nb6 6. Nf3 Nc6 7. O-O Be7 8.
Rb1 O-O 9. b4 a6 10. a4 Bf5 11. b5 axb5 12. Rxb5 Bg6 13. Nxe5 Nxe5 14. Rxe5 c6
15. Qb3 Bf6 16. Re3 Bd4 17. Ba3 Bxe3 18. dxe3 Re8 19. Rd1 Qf6 20. Bb2 Ra6 21.
a5 Nc8 22. Nd5 Qe6 23. Qc3 f6 24. Nc7 Qf7 25. Nxa6 bxa6 26. Bxc6 Rf8 27. Bd5
1-0

[Event "N�-LL 2005/06"]
[Site "?"]
[Date "2006.04.23"]
[Round "13"]
[White "Herndlbauer, Martin"]
[Black "Thoma, Wilhelm"]
[Result "1-0"]
[WhiteElo "2044"]
[BlackElo "2095"]
[Annotator "Mauerbach : Baden"]
[PlyCount "67"]
[EventDate "2005.09.27"]
[SourceDate "2006.04.26"]

1. e4 e6 2. d3 d5 3. Nd2 Nf6 4. Ngf3 c5 5. g3 Be7 6. Bg2 Nc6 7. O-O O-O 8. e5
Nd7 9. Re1 b5 10. h4 a5 11. Nf1 Ba6 12. Bf4 a4 13. a3 Qb6 14. N1h2 b4 15. Ng5
c4 16. dxc4 Bxc4 17. Qh5 Bxg5 18. hxg5 bxa3 19. bxa3 Rfb8 20. Ng4 Qd8 21. Rad1
Qe8 22. Nf6+ Nxf6 23. exf6 Rb5 24. Bd6 Rd8 25. Be4 dxe4 26. Rxe4 Rxd6 27. Rxd6
Bd5 28. Rxd5 Rxd5 29. Rh4 h6 30. fxg7 Ne5 31. Qxh6 Nf3+ 32. Kg2 Nxh4+ 33. gxh4
f6 34. Qh8+ 1-0

[Event "N�-LL 2005/06"]
[Site "?"]
[Date "2006.04.23"]
[Round "13"]
[White "Bechmann, Gerhard"]
[Black "Cika, Aragon"]
[Result "1-0"]
[WhiteElo "2040"]
[BlackElo "1966"]
[Annotator "Mauerbach : Baden"]
[PlyCount "33"]
[EventDate "2005.09.27"]
[SourceDate "2006.04.26"]

1. e4 d6 2. d4 Nf6 3. Nc3 g6 4. f3 Nbd7 5. Be3 e5 6. Nge2 a6 7. a4 b6 8. Qd2 c5
9. dxe5 Nxe5 10. Nf4 Bb7 11. Rd1 Be7 12. Ncd5 Nxd5 13. Nxd5 Bxd5 14. Qxd5 O-O
15. Be2 Qd7 16. Qxe5 Qxa4 17. Qxe7 1-0

[Event "N�-LL 2005/06"]
[Site "?"]
[Date "2006.04.23"]
[Round "13"]
[White "Neubauer, Martin"]
[Black "Mozny, Milos"]
[Result "1/2-1/2"]
[WhiteElo "2444"]
[BlackElo "2373"]
[Annotator "Krems : Ybbs"]
[PlyCount "43"]
[EventDate "2005.09.27"]
[SourceDate "2006.04.26"]

1. e4 c5 2. Nf3 e6 3. c3 d6 4. d4 Nf6 5. Bd3 Nc6 6. O-O cxd4 7. cxd4 e5 8. d5
Ne7 9. Nc3 Ng6 10. Bb5+ Nd7 11. Be3 Be7 12. Rc1 O-O 13. Bd3 Nf6 14. h3 Nh5 15.
Re1 Nhf4 16. Bf1 f5 17. Kh2 fxe4 18. Nxe4 Bf5 19. Ng3 Bd7 20. Ne4 Bf5 21. Ng3
Bd7 22. Ne4 1/2-1/2

[Event "N�-LL 2005/06"]
[Site "?"]
[Date "2006.04.23"]
[Round "13"]
[White "Spacek, Petr"]
[Black "Lanc, Alois"]
[Result "1-0"]
[WhiteElo "2379"]
[BlackElo "2419"]
[Annotator "Krems : Ybbs"]
[PlyCount "51"]
[EventDate "2005.09.27"]
[SourceDate "2006.04.26"]

1. d4 d5 2. c4 c6 3. cxd5 cxd5 4. Bf4 Nc6 5. Nc3 Nf6 6. e3 a6 7. Bd3 e6 8. Rc1
Be7 9. h3 O-O 10. Nf3 Bd7 11. O-O b5 12. Ne5 Nxe5 13. dxe5 Ne8 14. e4 d4 15.
Ne2 Qb6 16. Bb1 Bc5 17. Bg3 b4 18. Nf4 Be7 19. Qg4 Kh8 20. Nd5 Qd8 21. Nxe7
Qxe7 22. Bh4 f6 23. exf6 gxf6 24. e5 Qg7 25. Qxd4 fxe5 26. Qxb4 {
Rest nicht lesbar, 1:0 im 37. Zug} 1-0

[Event "N�-LL 2005/06"]
[Site "?"]
[Date "2006.04.23"]
[Round "13"]
[White "Sch�neberg, Manfred"]
[Black "Mayer, Martin"]
[Result "1-0"]
[WhiteElo "2322"]
[BlackElo "1967"]
[Annotator "Krems : Ybbs"]
[PlyCount "99"]
[EventDate "2005.09.27"]
[SourceDate "2006.04.26"]

1. e4 c5 2. Nf3 d6 3. d4 cxd4 4. Qxd4 Nc6 5. Bb5 Qa5+ 6. Nc3 Qxb5 7. Nxb5 Nxd4
8. Nfxd4 Kd7 9. c4 Nf6 10. Nc3 g6 11. f3 Bg7 12. Be3 b6 13. O-O Ba6 14. b3 Rhd8
15. Rac1 Ne8 16. Rfd1 Nc7 17. Kf2 Ne6 18. Nxe6 Kxe6 19. Bd4 Bxd4+ 20. Rxd4 Rac8
21. a4 f6 22. Ke3 Rc5 23. Ne2 Rdc8 24. g4 Bb7 25. f4 f5 26. exf5+ gxf5 27. g5
a6 28. Rdd1 Kd7 29. Nd4 e5 30. Nxf5 exf4+ 31. Kxf4 Rxf5+ 32. Kxf5 Rf8+ 33. Kg4
Bf3+ 34. Kg3 Bxd1 35. Rxd1 Re8 36. Rf1 Kc6 37. h4 Kc5 38. Rf3 Re4 39. Rd3 Kc6
40. h5 Kd7 41. Kh3 Ke7 42. Rf3 Re1 43. g6 hxg6 44. hxg6 Re6 45. g7 Rh6+ 46. Kg2
Rg6+ 47. Rg3 Rxg3+ 48. Kxg3 Kf7 49. Kf4 Kxg7 50. Ke4 1-0

[Event "N�-LL 2005/06"]
[Site "?"]
[Date "2006.04.23"]
[Round "13"]
[White "Walter, Martin"]
[Black "Kreischer, Georg"]
[Result "1-0"]
[WhiteElo "1997"]
[BlackElo "2099"]
[Annotator "Krems : Ybbs"]
[PlyCount "91"]
[EventDate "2005.09.27"]
[SourceDate "2006.04.26"]

1. e4 e5 2. Bc4 Nc6 3. Nf3 d6 4. d4 exd4 5. Nxd4 Bd7 6. Nc3 Nf6 7. Be3 Be7 8.
f3 a6 9. a3 O-O 10. Qd2 Ne8 11. O-O-O Bf6 12. Nde2 b5 13. Bd5 Rb8 14. Bxc6 Bxc6
15. Nd5 Bb7 16. Nxf6+ Qxf6 17. Bg5 Qe5 18. Bf4 Qe7 19. Rhe1 f6 20. Nd4 g6 21.
Qc3 Ra8 22. g4 Ng7 23. Bh6 Rae8 24. h4 Rf7 25. h5 Ne6 26. hxg6 hxg6 27. Nxe6
Qxe6 28. Rh1 Ree7 29. g5 Qe5 30. gxf6 Qxf6 31. Qxf6 Rxf6 32. Bg5 Ref7 33. Bxf6
Rxf6 34. Rh3 Bc8 35. Rg3 Kf7 36. Kd2 Bd7 37. Ke3 Re6 38. Rh1 Kg8 39. Rgh3 Bc6
40. Rh8+ Kg7 41. R1h7+ Kf6 42. Rxc7 d5 43. Rf8+ Kg5 44. Rxc6 Rxc6 45. exd5 Rxc2
46. d6 1-0

[Event "N�-LL 2005/06"]
[Site "?"]
[Date "2006.04.23"]
[Round "13"]
[White "Trkulja, Zoran"]
[Black "Gr�tz, Harald"]
[Result "1/2-1/2"]
[WhiteElo "2226"]
[BlackElo "2296"]
[Annotator "Stockerau : Korneuburg"]
[PlyCount "95"]
[EventDate "2005.09.27"]
[SourceDate "2006.04.27"]

1. e4 c5 2. Nf3 e6 3. d4 cxd4 4. Nxd4 Nf6 5. Nc3 Bb4 6. Bd3 d5 7. e5 Ne4 8.
Bxe4 dxe4 9. O-O Bxc3 10. bxc3 Qa5 11. Qg4 O-O 12. Qxe4 Nd7 13. Bf4 Qxc3 14.
Rad1 Nc5 15. Qe2 b6 16. Rfe1 Bb7 17. Qg4 Kh8 18. Re3 Qc4 19. Rg3 Rg8 20. f3 f5
21. Qh4 Nd7 22. Nxf5 Qxc2 23. Ne3 Qe2 24. Rh3 Nf8 25. Re1 Qd3 26. Ng4 Qf5 27.
Ne3 Qd3 28. Qe7 Ng6 29. Qg5 Nxf4 30. Qxf4 Rac8 31. Qh4 Rc3 32. f4 Qe4 33. f5
Qxh4 34. Rxh4 exf5 35. Nxf5 Re8 36. Nd6 Re7 37. Rf4 h6 38. Rf8+ Kh7 39. Nf5 Re6
40. Rf7 Kg6 41. Rxg7+ Kxf5 42. Rxb7 Ra3 43. Rf7+ Kg6 44. Rf2 Ra5 45. Rfe2 Kf5
46. Rf2+ Kg6 47. Rfe2 Kf5 48. Rf2+ 1/2-1/2

[Event "N�-LL 2005/06"]
[Site "?"]
[Date "2006.04.23"]
[Round "13"]
[White "Schmid, Thomas"]
[Black "Stanivukovic, Drago"]
[Result "1-0"]
[WhiteElo "2085"]
[BlackElo "2080"]
[Annotator "Stockerau : Korneuburg"]
[PlyCount "88"]
[EventDate "2005.09.27"]
[SourceDate "2006.04.27"]

1. e4 c5 2. Nf3 d6 3. Bb5+ Nc6 4. O-O Nf6 5. Re1 e5 6. c3 Bd7 7. d4 Qc7 8. a4
a6 9. Bf1 Rb8 10. Na3 Be7 11. Bg5 h6 12. Bh4 g5 13. Bg3 Rg8 14. dxe5 dxe5 15.
Nc4 Bg4 16. Nfxe5 Nxe5 17. Bxe5 Qxe5 18. Nxe5 Bxd1 19. Raxd1 g4 20. Bc4 Rg7 21.
a5 Nh7 22. Bd5 f6 23. Nc4 Ng5 24. e5 Kf8 25. exf6 Bxf6 26. Re3 Rd8 27. Nb6 Nf7
28. Rde1 Nd6 29. Re6 Bg5 30. f4 gxf3 31. Bxf3 Ne8 32. Bh5 Nc7 33. R6e4 Be7 34.
g3 Nb5 35. Kg2 Na7 36. Rf4+ Kg8 37. Nc4 Nc6 38. Bf3 Na7 39. h4 Bf8 40. Re2 Rgd7
41. Bg4 Rc7 42. Be6+ Kg7 43. Ref2 Bd6 44. Rg4+ Kh7 1-0

[Event "N�-LL 2005/06"]
[Site "?"]
[Date "2006.04.23"]
[Round "13"]
[White "Hirsch, Andreas"]
[Black "Batyte, Daiva"]
[Result "1/2-1/2"]
[WhiteElo "2003"]
[BlackElo "2180"]
[Annotator "Stockerau : Korneuburg"]
[PlyCount "120"]
[EventDate "2005.09.27"]
[SourceDate "2006.04.27"]

1. g3 g6 2. Bg2 Bg7 3. c3 c5 4. f4 d5 5. Nf3 Nf6 6. O-O O-O 7. d3 Nc6 8. Na3 a6
9. h3 Qc7 10. Nc2 Nh5 11. Qe1 e5 12. f5 e4 13. dxe4 dxe4 14. Ng5 Qxg3 15. Nxe4
Qxe1 16. Nxe1 Bxf5 17. Nxc5 Ng3 18. Rf2 Rae8 19. Rxf5 gxf5 20. Nd7 Nxe2+ 21.
Kf2 Nxc3 22. Nxf8 Nd1+ 23. Kf1 Kxf8 24. Nc2 Na5 25. Bd2 Nxb2 26. Bxa5 b6 27.
Bb4+ Kg8 28. Rb1 a5 29. Be1 f4 30. Bf2 Rc8 31. Ne1 b5 32. Ke2 b4 33. Be4 Re8
34. Kf3 Nc4 35. Rd1 a4 36. Bd5 Nb2 37. Rd2 Bc3 38. Re2 Rd8 39. Be4 Nc4 40. Kxf4
b3 41. axb3 axb3 42. Nd3 Kg7 43. Be1 Bf6 44. Rg2+ Kh8 45. h4 h6 46. Bb4 Bd4 47.
Re2 b2 48. Nxb2 Be5+ 49. Kf5 Bxb2 50. Rxb2 Nxb2 51. Bc3+ Kg8 52. Bxb2 Rd2 53.
Be5 Rf2+ 54. Bf4 Kg7 55. Kg4 f6 56. h5 Ra2 57. Bg6 Rg2+ 58. Kf5 Ra2 59. Kg4 Ra5
60. Be3 Re5 1/2-1/2

[Event "N�-LL 2005/06"]
[Site "?"]
[Date "2006.04.23"]
[Round "13"]
[White "Schirmbeck, Hannes"]
[Black "Haider, Johann"]
[Result "1/2-1/2"]
[WhiteElo "2147"]
[BlackElo "1931"]
[Annotator "Stockerau : Korneuburg"]
[PlyCount "91"]
[EventDate "2005.09.27"]
[SourceDate "2006.04.27"]

1. d4 g6 2. g3 Bg7 3. Bg2 Nf6 4. Nf3 O-O 5. O-O d6 6. c4 Nbd7 7. Nc3 e5 8. Qc2
c6 9. Rd1 Qe7 10. e4 exd4 11. Nxd4 a5 12. Bf4 Re8 13. h3 Ne5 14. b3 Bd7 15. Rd2
Rab8 16. Rad1 Red8 17. Bg5 Be8 18. Re2 h6 19. Bc1 Qc7 20. Red2 Ned7 21. Nde2
Nc5 22. Ba3 b5 23. e5 b4 24. exf6 Bxf6 25. Bb2 bxc3 26. Bxc3 Bxc3 27. Qxc3 a4
28. b4 Ne6 29. a3 Qe7 30. Nd4 Nxd4 31. Rxd4 Qf6 32. Qf3 Qe5 33. Kh2 Rb7 34.
R1d2 Re7 35. Qe3 Qxe3 36. fxe3 Rxe3 37. Rxd6 Rxd6 38. Rxd6 Rxa3 39. Bxc6 Bxc6
40. Rxc6 Rb3 41. Rc8+ Kg7 42. Kg2 Rxb4 43. Kf3 Kf6 44. c5 a3 45. Ra8 Rb3+ 46.
Kf4 1/2-1/2